Получение модифицированных смол на основе фракции, содержащей дициклопентадиен; Химия и химическая технология в XXI веке

Podrobná bibliografie
Parent link:Химия и химическая технология в XXI веке.— 2009.— С. 300-301
Hlavní autor: Уварова А. С.
Další autoři: Бондалетова Л. И. (научный руководитель)
Jazyk:ruština
Vydáno: 2009
Témata:
Médium: MixedMaterials Kapitola
KOHA link:https://koha.lib.tpu.ru/cgi-bin/koha/opac-detail.pl?biblionumber=173860

MARC

LEADER 00000naa2a2200000 4500
001 173860
005 20231031164529.0
035 |a (RuTPU)RU\TPU\book\188548 
090 |a 173860 
100 |a 20100111d2009 k y0rusy50 ca 
101 0 |a rus 
102 |a RU 
200 1 |a Получение модифицированных смол на основе фракции, содержащей дициклопентадиен  |f А. С. Уварова  |g науч. рук. Л. И. Бондалетова 
320 |a Библиогр.: 2 назв. 
463 0 |0 (RuTPU)RU\TPU\book\176321  |t Химия и химическая технология в XXI веке  |o X Юбилейная всероссийская научно-практическая конференция студентов и аспирантов, г. Томск, 13-15 мая 2009 г.  |f Томский политехнический университет (ТПУ) ; Химия и химическая технология в XXI веке  |v С. 300-301  |d 2009  |p 322 с. 
610 1 |a смолы 
610 1 |a модификация 
610 1 |a дициклопентадиен 
610 1 |a нефтеполимерные смолы 
610 1 |a труды учёных ТПУ 
700 1 |a Уварова  |b А. С. 
702 1 |a Бондалетова  |b Л. И.  |4 727 
801 1 |a RU  |b 63413507  |c 20100111 
942 |c BK